000115500 001__ 115500 000115500 005__ 20220606144923.0 000115500 037__ $$aGDOC-2021-30382 000115500 041__ $$aspa 000115500 041__ $$aeng 000115500 100__ $$0(orcid)0000-0002-7452-446X$$1327451$$aMaría Paloma García, Ducar 000115500 24500 $$930382$$aSistemas de radiocomunicación 000115500 24200 $$930382$$aRadio-Communication Systems 000115500 260__ $$aZaragoza$$bUniversidad de Zaragoza$$c2021-2022 000115500 521__ $$9145$$aGraduado en Ingeniería de Tecnologías y Servicios de Telecomunicación$$bBachelor's Degree in Telecomunications Technology and Services Engineering 000115500 540__ $$aby-nc-sa$$bCreative Commons$$c3.0$$uhttp://creativecommons.org/licenses/by-nc-sa/3.0/ 000115500 700__ $$0(orcid)0000-0001-5293-6132$$1190135$$aAntonio Fernando Gutiérrez, Soler 000115500 830__ $$9581 000115500 8564_ $$s16065$$uhttps://zaguan.unizar.es/record/115500/files/guia-30382-es.pdf$$yGuía (idioma español) 000115500 8564_ $$s8627$$uhttps://zaguan.unizar.es/record/115500/files/guia-30382-en.pdf$$yGuide (english) 000115500 970__ $$aGDOC-2021-30382 000115500 980__ $$aGDOC$$bEngineering and Architecture$$bIngeniería y Arquitectura$$c110